Anjos e Demonios / (Record no. 72)

MARC details
000 -LÍDER
campo de controle de tamanho fixo 02696nam a2200373 4500
001 - NÚMERO DE CONTROLE
campo de controle 72
003 - IDENTIFICADOR DO NÚMERO DE CONTROLE
campo de controle OSt
005 - DATA E HORÁRIO DA ÚLTIMA TRANSAÇÃO
campo de controle 20250528074011.0
008 - CAMPO DE DADOS FIXOS--INFORMAÇÃO GERAL
campo de controle de tamanho fixo 250123b |||||||g |||| 00| 1 eng d
020 ## - ISBN - INTERNATIONAL STANDARD BOOK NUMBER
ISBN - International Standard Book Number 8575421468
040 ## - FONTE DA CATALOGAÇÃO
Idioma da catalogação por
041 ## - CÓDIGO DE IDIOMA
Código do idioma do original e/ou traduções intermediárias do texto eng
Código do idioma do texto/trilha sonora ou título diferente por
082 ## - CDD - CLASSIFICAÇÃO DECIMAL DE DEWEY
Número de Classificação 813
Número do exemplar B877a
100 1# - ENTRADA PRINCIPAL--NOME PESSOAL
Nome pessoal Brown, Dan,
Datas associadas ao nome 1964-
9 (RLIN) 179
240 ## - TÍTULO UNIFORME
Título uniforme Angels & Demons
245 ## - TÍTULO
Título Anjos e Demonios /
Indicação de responsabilidade, etc. Brown, Dan ; Tradução de Maria Luiza Newlands da Silveira
260 ## - PUBLICAÇÃO, DISTRIBUIÇÃO, ETC.
Local de publicação, distribuição, etc. Rio de Janeiro
Nome do editor, distribuidor, etc. Sextante
Data da publicação, distribuição, etc. 2004
300 ## - DESCRIÇÃO FÍSICA
Extensão 461 p.
490 1# - TÍTULO DA SÉRIE
Título da série Saga Robert Langdon
Número do volume ou designação sequencial da série Livro 01
500 ## - NOTA GERAL
Nota geral Anjos e Demonios
520 ## - NOTA DE RESUMO, ETC.
Resumo, etc. Antes de decifrar ´O Código Da Vinci´, Robert Langdon, o famoso professor de simbologia de Harvard, vive sua primeira aventura em Anjos e Demônios, quando tenta impedir que uma antiga sociedade secreta destrua a Cidade do Vaticano. Às vésperas do conclave que vai eleger o novo Papa, Langdon é chamado às pressas para analisar um misterioso símbolo marcado a fogo no peito de um físico assassinado em um grande centro de pesquisas na Suíça. Ele descobre indícios de algo inimaginável: a assinatura macabra no corpo da vítima - um ambigrama que pode ser lido tanto de cabeça para cima quanto de cabeça para baixo - é dos Illuminati, uma poderosa fraternidade considerada extinta há quatrocentos anos. A antiga sociedade ressurgiu disposta a levar a cabo a lendária vingança contra a Igreja Católica, seu inimigo mais odiado. De posse de uma nova arma devastadora, roubada do centro de pesquisas, ela ameaça explodir a Cidade do Vaticano e matar os quatro cardeais mais cotados para a sucessão papal. Correndo contra o tempo, Langdon voa para Roma junto com Vittoria Vetra, uma bela cientista italiana. Numa caçada frenética por criptas, igrejas e catedrais, os dois desvendam enigmas e seguem uma trilha que pode levar ao covil dos Illuminati - um refúgio secreto onde está a única esperança de salvação da Igreja nesta guerra entre ciência e religião. Em Anjos e Demônios, Dan Brown demonstra novamente sua extraordinária habilidade de entremear suspense com fascinantes informações sobre ciência, religião e história da arte, despertando a curiosidade dos leitores para os significados ocultos deixados em monumentos e documentos históricos.
650 #0 - ASSUNTO--TERMO TÓPICO
Cabeçalho tópico ou nome geográfico Literatura Americana
9 (RLIN) 84
650 #0 - ASSUNTO--TERMO TÓPICO
Cabeçalho tópico ou nome geográfico Suspense
9 (RLIN) 10
650 #0 - ASSUNTO--TERMO TÓPICO
Cabeçalho tópico ou nome geográfico Mistério
9 (RLIN) 42
650 #0 - ASSUNTO--TERMO TÓPICO
Cabeçalho tópico ou nome geográfico Aventura
9 (RLIN) 47
650 #0 - ASSUNTO--TERMO TÓPICO
Cabeçalho tópico ou nome geográfico Histórico
9 (RLIN) 53
650 #0 - ASSUNTO--TERMO TÓPICO
Cabeçalho tópico ou nome geográfico Religião
9 (RLIN) 100
650 #0 - ASSUNTO--TERMO TÓPICO
Cabeçalho tópico ou nome geográfico Filme
9 (RLIN) 26
655 #0 - TERMO DE ÍNDICE--GÊNERO E FORMA
Gênero/forma/ou termo foco Romance
655 #0 - TERMO DE ÍNDICE--GÊNERO E FORMA
Gênero/forma/ou termo foco Ficção
700 ## - ENTRADA ADICIONADA - NOME PESSOAL
Nome pessoal Maria Luiza Newlands da Silveira
Função do autor por extenso Tradutor
9 (RLIN) 180
830 ## - ENTRADA SECUNDÁRIA DE SÉRIE--TÍTULO UNIFORME
Título uniforme Saga Robert Langdon
9 (RLIN) 181
Número do volume ou designação sequencial da série Livro 01
942 ## - ELEMENTOS DE ENTRADA ADICIONADOS (KOHA)
Fonte de classificação ou esquema de arquivamento Classificação decimal de Dewey
Ocultar no OPAC Não
Tipo de material Koha Livros
Holdings
Situação do descarte Situação das perdas Fonte de classificação ou esquema de arquivamento Materiais especificados (volume encadernado ou outra parte) Status danificado Não pode ser emprestado Coleção Biblioteca de origem Biblioteca atual Localização na estante Data de aquisição Fonte de aquisição Total de empréstimos Número de chamada completo Código de barras Data de último acesso Data do preço efetivo Tipo de material Koha
    Classificação decimal de Dewey Livro 01     Ficção Biblioteca Professor Eduardo Afonso de Castro Biblioteca Professor Eduardo Afonso de Castro Literatura Estrangeira 03.05.2016 doação   813 / B877a 2025-15279 23.01.2025 23.01.2025 Livros

Powered by Koha